000 00384nam a2200133 a 4500
001 000030682
005 20200930062441.0
008 110525s19uu mx 000 0 spa d
040 _aDO-SdBNP
_bspa
_cBNPHU
100 1 _aOg, Mandino
_d1923-
_957264
245 1 0 _aEl exito más grande del mundo /
_cMandino Og.
260 _a[México] :
_b[Ed. Diana],
_c[198?].
300 _a125 p. ;
_c20 cm.
999 _c30174
_d30174